| 000 | 00461nam a2200145 4500 | ||
|---|---|---|---|
| 008 | 150901b xxu||||| |||| 00| 0 eng d | ||
| 020 | _a0393972917 | ||
| 050 | _aPS 507.N65 2003 | ||
| 100 |
_aBaym, Nina. _d2003 |
||
| 245 |
_aThe norton anthology: _bAmerican literature _cNina Baym, |
||
| 250 | _a5th ed. | ||
| 260 |
_aLondon: _bW.W. Norton & company, _c2003. |
||
| 300 |
_axxxv,2879p. _bIncludes index. |
||
| 942 |
_2lcc _cBOOKS _hPS 507.N67 2003 |
||
| 999 |
_c4275 _d4275 |
||